000 00451nam a2200181Ia 4500
001 23007
005 20260414150908.0
008 260414t2013||||xx |||||||||||||| ||spa||
041 _aESP
082 _a624.1762
_bM19
100 _aMaley, Tim
_eAUT
245 0 _aCharacterising the seismic behaviour of steel MRF structures
_b
260 _c2013
300 _a172 páginas :
_c24 cm.
650 _a0
654 _aCIC
942 _cLIB
_dJUS
_fJUS
_2ddc
_n
999 _c23007
_d23007